LIBRARY & INFORMATION CENTRE, KCAET, TAVANUR

ONLINE PUBLIC ACCESS CATALOGUE (OPAC)

Hrudayam / (Record no. 11588)

MARC details
000 -LEADER
fixed length control field 00368cam a2200157ua 4500
041 ## - LANGUAGE CODE
Language code of text/sound track or separate title mal
082 ## - DEWEY DECIMAL CLASSIFICATION NUMBER
Classification number 894.812301
Item number VEL/HR
100 ## - MAIN ENTRY--AUTHOR NAME
Personal name Vellayani, .
245 ## - TITLE STATEMENT
Title Hrudayam /
250 ## - EDITION STATEMENT
Edition statement 1 /
260 ## - PUBLICATION, DISTRIBUTION, ETC. (IMPRINT)
Place of publication :
Name of publisher Mrs. Rugmini vellayani ,
Year of publication 1952.
300 ## - PHYSICAL DESCRIPTION
Number of Pages 98 ; .
942 ## - ADDED ENTRY ELEMENTS (KOHA)
Koha item type Books
Holdings
Withdrawn status Lost status Damaged status Home library Current library Date acquired Full call number Accession Number Koha item type
Withdrawn     KAUAET Sanskrit University 07/04/2012 894.812301 285 Books
free website counter